header

The problem of love in the Middle Ages (Record no. 24282)

MARC details
000 -LEADER
fixed length control field 02107nam a2200385Ia 4500
082 04 - DEWEY DECIMAL CLASSIFICATION NUMBER
Classification number 177/.7
100 1# - MAIN ENTRY--AUTHOR NAME
Personal name Rousselot, Pierre,
245 14 - TITLE STATEMENT
Title The problem of love in the Middle Ages
260 ## - PUBLICATION, DISTRIBUTION, ETC. (IMPRINT)
Place of publication Milwaukee, Wis. :
Name of publisher Marquette University Press,
Year of publication 2001.
300 ## - PHYSICAL DESCRIPTION
Number of Pages 277 p.
490 1# - SERIES STATEMENT
Series statement Marquette studies in philosophy ;
Series statement Collected philosophical works of Pierre Rousselot ;
505 0# - FORMATTED CONTENTS NOTE
Formatted contents note Thomist solution to the problem of love -- Remarks on the elements of the Thomist solution in Greek and medieval thought -- Two medieval sketches of the physical theory -- First characteristic : duality of the lover and the beloved -- Second characteristic : the violence of love -- Third characteristic : irrational love -- Fourth characteristic : love as the final end.
650 #0 - SUBJECT ADDED ENTRY--TOPICAL TERM
Topical Term Philosophy, Medieval.
Topical Term Love
Topical Term Love
700 1# - ADDED ENTRY--PERSONAL NAME
Personal name Vandevelde, Pol.
856 40 - ELECTRONIC LOCATION AND ACCESS
Uniform Resource Identifier http://site.ebrary.com/lib/rucke/Doc?id=10022588

No items available.

© 2026 Rongo University
Contact us: librarian | system librarian | Rongo university